Study guide SBI PO preliminary examination 2017 phase I/ (Record no. 95481)
[ view plain ]
| 000 -LEADER | |
|---|---|
| fixed length control field | 00752nam a22001817a 4500 |
| 005 - DATE AND TIME OF LATEST TRANSACTION | |
| control field | 20170821101658.0 |
| 010 ## - LCCN (DPL NO) | |
| LC control number | 1516EN07 |
| 020 ## - INTERNATIONAL STANDARD BOOK NUMBER | |
| International Standard Book Number | 9789311124223 |
| Terms of availability | 375.00 |
| 035 ## - SYSTEM CONTROL NUMBER | |
| System control number | B-667828 |
| 037 ## - SOURCE OF ACQUISITION | |
| Stock number | dpl |
| Source of stock number/acquisition | RHSP/Ven. |
| 082 ## - DEWEY DECIMAL CLASSIFICATION NUMBER | |
| Classification number | 000 |
| 245 ## - TITLE STATEMENT | |
| Title | Study guide SBI PO preliminary examination 2017 phase I/ |
| Statement of responsibility, etc | edited by Arihant Expert Team |
| 260 ## - PUBLICATION, DISTRIBUTION, ETC. (IMPRINT) | |
| Place of publication, distribution, etc | New Delhi |
| Name of publisher, distributor, etc | Arihant Publications(India) Ltd. |
| Date of publication, distribution, etc | 2017 |
| 270 ## - ADDRESS | |
| Address | Ramchhaya 4577/15, Agarwal Road, Darya Ganj |
| City | New Delhi |
| Postal code | 110002 |
| 300 ## - PHYSICAL DESCRIPTION | |
| Extent | various pagings |
| Dimensions | 26cm(pbk) |
| 942 ## - ADDED ENTRY ELEMENTS (KOHA) | |
| Source of classification or shelving scheme | Dewey Decimal Classification |
| Item type | English Books |
| Classification part | 000 |
| Call number suffix | STU |
| Withdrawn status | Lost status | Not for loan | Collection code | Home library | Current library | Date acquired | Source of acquisition | Cost, normal purchase price | Full call number | Barcode | Copy number | Cost, replacement price | Koha item type |
|---|---|---|---|---|---|---|---|---|---|---|---|---|---|
| Non-fiction | Ashok Vihar | Ashok Vihar | 21/08/2017 | BPPD/EN/2015-16/AV/2016-17/406/15.2.2017/1802/17/2.3.2017/ 18.3.2017 | 375.00 | 000 STU | B-667828 | 1 | 375.00 | English Books |
